000 00363nam a22001457a 4500
003 OSt
005 20220218140808.0
008 220218b |||||||| |||| 00| 0 eng d
020 _a 9788120331969
040 _cH U
082 _a660.284
100 _aJana Amiya K.
_930867
245 _aChemical Process Modelling And Computer Simulation
942 _2ddc
_cBOOKS
_n0
999 _c30836
_d30836